书目信息 |
| 题名: |
电子测绘仪器原理与应用
|
|
| 作者: | 赵吉先 , 臧德彦 , 邹自力 编著 | |
| 分册: | ||
| 出版信息: | 北京 科学出版社 2008.05 |
|
| 页数: | 166页 | |
| 开本: | 24cm | |
| 丛书名: | ||
| 单 册: | ||
| 中图分类: | TH761 | |
| 科图分类: | ||
| 主题词: | 电子仪器--dian zi yi qi--测绘仪器 | |
| 电子资源: | ||
| ISBN: | 978-7-03-021207-8 | |
| 000 | 00878nam0 2200265 450 | |
| 001 | 191000014291 | |
| 005 | 20080923092244.03 | |
| 010 | @a978-7-03-021207-8@dCNY35.00 | |
| 100 | @a20080408d2008 em y0chiy0121 ea | |
| 101 | 0 | @achi |
| 102 | @aCN@b110000 | |
| 105 | @ay a 000yy | |
| 200 | 1 | @a电子测绘仪器原理与应用@Adian zi ce hui yi qi yuan li yu ying yong@f赵吉先, 邹自力, 臧德彦编著 |
| 210 | @a北京@c科学出版社@d2008.05 | |
| 215 | @a166页@d24cm | |
| 320 | @a有书目 | |
| 330 | @a本书介绍了电子测绘仪器的发展和常用电子测绘仪器的原理及应用,主要包括电磁波测距仪、电子以纬仪、电子水准仪、全站仪等。 | |
| 606 | 0 | @a电子仪器@Adian zi yi qi@x测绘仪器 |
| 690 | @aTH761@v4 | |
| 701 | 0 | @a赵吉先@Azhao ji xian@4编著 |
| 701 | 0 | @a臧德彦@Azang de yan@4编著 |
| 701 | 0 | @a邹自力@Azou zi li@4编著 |
| 801 | 0 | @aCN@bLR@c20080923 |
| 905 | @aZUCC@dTH761@eZ300 | |
| 999 | @aCYP | |
| 电子测绘仪器原理与应用/赵吉先, 邹自力, 臧德彦编著.-北京:科学出版社,2008.05 |
| 166页;24cm |
| ISBN 978-7-03-021207-8:CNY35.00 |
| 本书介绍了电子测绘仪器的发展和常用电子测绘仪器的原理及应用,主要包括电磁波测距仪、电子以纬仪、电子水准仪、全站仪等。 |
| ● |
| 相关链接 |
|
|
|
正题名:电子测绘仪器原理与应用
索取号:TH761/Z300
 
预约/预借
| 序号 | 登录号 | 条形码 | 馆藏地/架位号 | 状态 | 备注 |
| 1 | 840150 | 208401503 | 自科库501/501自科库 135排4列4层/ [索取号:TH761/Z300] | 在馆 | |
| 2 | 840151 | 208401512 | 期刊室512/501自科库 135排4列3层/ [索取号:TH761/Z300] | 在馆 | |
| 3 | 840152 | 208401521 | 自科库501/501自科库 135排4列4层/ [索取号:TH761/Z300] | 在馆 |